000 00891nam a2200265Ia 4500
003 OSt
005 20220930092808.0
006 a|||||r|||| 00| 0
007 ta
008 220926b |||||||| |||| 00| 0 eng d
024 _a24825
037 _cTheses
040 _aCRL
_cCRL
_beng
041 _2eng
_aeng
100 _aGupta Tanvi
_9539905
110 _aUniversity OF Delhi. Faculty OF Medical Sciences. Department OF Dermatology, venereology and leprology
245 0 _aClinico - bacteriological study of acne vulgaris
260 _c2015
650 _aSKIN - DISEASES
700 _a Dr. Kabir Sardana Gu.
700 _a Dr. Vijay Kumar Gu.
_9535899
700 _aUniversity OF Delhi. Faculty OF Medical Sciences. Department OF Dermatology, venereology and leprology
942 _cDIS
_2CC
999 _c884307
_d884307